Prehistoria del nuevo mundo /

Guardado en:
Autor Principal: Willey, Gordon
Formato: Libro
Publicado: Buenos Aires : , 1964
Materias:
Etiquetas: Agregar Etiqueta
Sin Etiquetas, Sea el primero en etiquetar este registro!
LEADER 00636nam a22001935a 4500
001 CEM.cems006683
005 20060214000000.0
008 130507s1964##################000#0#####d
003 CEMS
082 0 4 |a 980.01 
100 1 |a Willey, Gordon 
245 1 0 |a Prehistoria del nuevo mundo / 
260 |a Buenos Aires :  |b ,  |c 1964 
300 |a 69 
653 |a Historia 
859 |a CEMS  |b BIB. CEMS - 11 de abril  |h 980.01  |i W648  |p 1705.74  |t Ej.1 
859 |a CEMS  |b BIB. CEMS - 11 de abril  |h 980.01  |i W648  |p 1706.74  |t Ej.2 
859 |a CEMS  |b BIB. CEMS - 11 de abril  |h 980.01  |i W648  |p 1707.74  |t Ej.3 
859 |a CEMS  |b BIB. CEMS - 11 de abril  |h 980.01  |i W648  |p 1708.74  |t Ej.4